| 000 | 00649nam a22002057a 4500 | ||
|---|---|---|---|
| 003 | 0 | ||
| 005 | 20240812102728.0 | ||
| 008 | 240812b xxu||||| |||| 00| 0 eng d | ||
| 020 | _a979-8-89161-013-2 | ||
| 050 |
_aTX 911.5 _b.W35 2024 |
||
| 100 | _aWallace, Aiden | ||
| 245 |
_aResearch in hospitality _cAiden Wallace |
||
| 260 |
_aNew York _bAlexis Press, LLC _c2024 |
||
| 300 |
_aviii, 332 pages : _bcolored illustrations and pictures ; _c26cm. |
||
| 504 | _aIncludes bibliographical references, glossary, and index. | ||
| 650 | _aResearch in hospitality. | ||
| 650 | _aResearch, Hospitality. | ||
| 650 | _aResearch. | ||
| 942 |
_2lcc _cBK |
||
| 999 |
_c366085 _d366085 |
||